[Event "34. Copenhagen Open (Politiken Cup)"]
[Site "Elsinore"]
[Date "2012.08.01"]
[Round "6"]
[White "Halkias, Stelios"]
[Black "Aabling Thomsen, Jakob"]
[Result "1-0"]
[WhiteElo "2570"]
[BlackElo "2331"]
[PlyCount "117"]
[EventDate "2012.07.28"]
[EventType "swiss"]
[EventRounds "10"]
[EventCountry "DEN"]
[Source "ChessBase"]
[SourceDate "2012.08.24"]

1. d4 Nf6 2. c4 g6 3. Nc3 d5 4. Nf3 Bg7 5. Qa4+ Bd7 6. Qb3 dxc4 7. Qxc4 O-O 8.
Bf4 c6 9. e4 Qb6 10. Rb1 Be6 11. Qa4 c5 12. d5 Bd7 13. Qd1 e6 14. Bc4 exd5 15.
Bxd5 Bb5 16. Qb3 Ba6 17. Bc4 Nc6 18. O-O Nd4 19. Qxb6 axb6 20. Bxa6 bxa6 21.
Rfd1 Rfe8 22. Nd2 b5 23. Kf1 b4 24. Na4 Nxe4 25. Nxe4 Rxe4 26. Bd6 Ne6 27. Nxc5
Nxc5 28. Bxc5 Rc8 29. Be3 Rec4 30. Rd2 Bf6 31. Ke2 Kg7 32. Rbd1 Rc2 33. b3 R2c6
34. Rd5 h5 35. g3 Re6 36. Kf3 Rc3 37. Rd6 Rc2 38. Rxe6 fxe6 39. Rd7+ Kg8 40.
Rd2 Rc6 41. Ke4 Kf8 42. h3 Ke7 43. g4 hxg4 44. hxg4 Bc3 45. Rc2 e5 46. f3 Ke6
47. Rh2 Be1 48. Rh6 Kf6 49. Rh7 Rc2 50. Kd5 g5 51. Rh6+ Kf7 52. Rxa6 Rc3 53.
Ke4 Rc2 54. Bxg5 Bc3 55. Bf6 Rf2 56. g5 Rf1 57. Ra7+ Kg6 58. Rg7+ Kh5 59. Rg8
1-0

[Event "34. Copenhagen Open (Politiken Cup)"]
[Site "Elsinore"]
[Date "2012.08.01"]
[Round "6"]
[White "Hansen, Herluf"]
[Black "Bjorneboe, Kristian"]
[Result "1/2-1/2"]
[WhiteElo "2079"]
[BlackElo "1959"]
[PlyCount "56"]
[EventDate "2012.07.28"]
[EventType "swiss"]
[EventRounds "10"]
[EventCountry "DEN"]
[Source "ChessBase"]
[SourceDate "2012.08.24"]

1. d4 Nf6 2. c4 g6 3. Nc3 d6 4. Bg5 Bg7 5. e3 c5 6. d5 Na6 7. Nf3 O-O 8. Be2
Nc7 9. O-O a6 10. Rc1 b5 11. Bd3 Bd7 12. Nd2 bxc4 13. Bxc4 Bb5 14. b3 h6 15.
Bh4 Re8 16. Bg3 Qc8 17. b4 Nd7 18. bxc5 Nxc5 19. Re1 Qd7 20. e4 Na4 21. Nxa4
Bxa4 22. Bb3 Bxb3 23. Nxb3 Nb5 24. e5 dxe5 25. Bxe5 Red8 26. Bxg7 Kxg7 27. Rc2
Qf5 28. Rc5 Qf6 1/2-1/2

[Event "34. Copenhagen Open (Politiken Cup)"]
[Site "Elsinore"]
[Date "2012.08.01"]
[Round "6"]
[White "Hansen, Morten Moller"]
[Black "Ulrich, Thomas2"]
[Result "1-0"]
[WhiteElo "2095"]
[BlackElo "1975"]
[PlyCount "61"]
[EventDate "2012.07.28"]
[EventType "swiss"]
[EventRounds "10"]
[EventCountry "DEN"]
[Source "ChessBase"]
[SourceDate "2012.08.24"]

1. d4 Nf6 2. Nf3 e6 3. g3 d5 4. Bg2 b5 5. a4 b4 6. Ne5 Be7 7. c4 bxc3 8. bxc3
O-O 9. Nd2 Nfd7 10. f4 Nxe5 11. fxe5 c6 12. O-O Ba6 13. Bh3 Nd7 14. Rf2 c5 15.
e4 Bg5 16. Qe1 cxd4 17. cxd4 Bb7 18. exd5 Bxd5 19. Ba3 Be7 20. Bxe7 Qxe7 21.
Ne4 Bxe4 22. Qxe4 Nb6 23. Raf1 Nd5 24. a5 Qg5 25. Rf3 Rac8 26. Rxf7 Qh6 27. Qf3
Nf6 28. Rxf8+ Rxf8 29. Bxe6+ Kh8 30. exf6 gxf6 31. d5 1-0

[Event "34. Copenhagen Open (Politiken Cup)"]
[Site "Elsinore"]
[Date "2012.08.01"]
[Round "6"]
[White "Hansen, Rasmus Agertoft"]
[Black "Eriksson, Kristian"]
[Result "0-1"]
[WhiteElo "1946"]
[BlackElo "2082"]
[PlyCount "86"]
[EventDate "2012.07.28"]
[EventType "swiss"]
[EventRounds "10"]
[EventCountry "DEN"]
[Source "ChessBase"]
[SourceDate "2012.08.24"]

1. d4 Nf6 2. c4 e6 3. Nc3 Bb4 4. e3 b6 5. Nge2 Ba6 6. Ng3 c5 7. Qf3 Nc6 8. d5
Ne5 9. Qf4 d6 10. Nge4 Nxe4 11. Qxe4 Bxc3+ 12. bxc3 O-O 13. h4 Qd7 14. f4 Ng4
15. Bd3 Nf6 16. dxe6 fxe6 17. Qf3 d5 18. Qe2 Rad8 19. O-O Qa4 20. f5 exf5 21.
Rxf5 Bxc4 22. Rf4 Bxd3 23. Qxd3 Qc6 24. Ba3 Rfe8 25. Rd1 Qe6 26. Bc1 c4 27. Qd4
Ne4 28. Rdf1 Rf8 29. Ba3 Rxf4 30. Rxf4 h6 31. g4 Re8 32. h5 Ng5 33. Kg2 Qxe3
34. Rf8+ Kh7 35. Rxe8 Qxe8 36. Qxd5 Qe2+ 37. Kg3 Qe3+ 38. Kg2 Qe2+ 39. Kg3 Qe3+
40. Kg2 Qh3+ 41. Kf2 Qxg4 42. Bb4 Qxh5 43. Qxc4 Qf7+ 0-1

[Event "34. Copenhagen Open (Politiken Cup)"]
[Site "Elsinore"]
[Date "2012.08.01"]
[Round "6"]
[White "Hansen, Verner"]
[Black "Jensen, Simon Stibolt"]
[Result "1-0"]
[WhiteElo "1878"]
[BlackElo "1687"]
[PlyCount "120"]
[EventDate "2012.07.28"]
[EventType "swiss"]
[EventRounds "10"]
[EventCountry "DEN"]
[Source "ChessBase"]
[SourceDate "2012.08.24"]

1. e4 e5 2. Nf3 d6 3. d4 exd4 4. Nxd4 Nf6 5. Nc3 Be7 6. Bc4 O-O 7. O-O c6 8.
Re1 c5 9. Nf3 Nc6 10. h3 Ne5 11. Bf1 Be6 12. Bf4 Ng6 13. Bg3 Qb6 14. Na4 Qc6
15. Nc3 a6 16. Qe2 b5 17. e5 Nh5 18. Bh2 Bc4 19. Qe3 Bxf1 20. Kxf1 d5 21. Rad1
d4 22. Qe4 Qxe4 23. Nxe4 Nhf4 24. b4 c4 25. Nxd4 Bxb4 26. c3 Ba5 27. Nc6 Bd8
28. Nb4 a5 29. Nd5 Nd3 30. Re2 Ngxe5 31. Nd6 Ng6 32. Nxb5 Bg5 33. Nb6 Ra6 34.
Nxc4 Ndf4 35. Re4 Ne6 36. Rd6 Rxd6 37. Ncxd6 Nc5 38. Rc4 Nd3 39. Rc7 Nc1 40.
Ra7 Bd8 41. a4 Nd3 42. c4 Nc5 43. Ra8 Ne7 44. Bf4 Nd3 45. Be3 Nb2 46. Nc3 Nc6
47. Rc8 Ne5 48. c5 Be7 49. Rxf8+ Bxf8 50. Ke2 g6 51. f4 Nc6 52. Kd2 Bg7 53.
Nde4 f5 54. Nd6 Bxc3+ 55. Kxc3 Nd1+ 56. Kd2 Nb2 57. Kc2 Nxa4 58. Kb3 Nxc5+ 59.
Bxc5 Ne7 60. Kc4 Kg7 1-0

[Event "34. Copenhagen Open (Politiken Cup)"]
[Site "Elsinore"]
[Date "2012.08.01"]
[Round "6"]
[White "Haubro, Martin"]
[Black "Christensen, Esben"]
[Result "1-0"]
[WhiteElo "2148"]
[BlackElo "2023"]
[PlyCount "73"]
[EventDate "2012.07.28"]
[EventType "swiss"]
[EventRounds "10"]
[EventCountry "DEN"]
[Source "ChessBase"]
[SourceDate "2012.08.24"]

1. d4 Nf6 2. c4 c5 3. d5 b5 4. Nd2 bxc4 5. e4 d6 6. Bxc4 g6 7. Ne2 Bg7 8. O-O
O-O 9. Nc3 Ba6 10. Qe2 Bxc4 11. Nxc4 Nfd7 12. Bg5 Nb6 13. Ne3 Re8 14. f4 N8d7
15. Rf2 Qc7 16. a4 a5 17. Nb5 Qb7 18. Ra2 Nf6 19. Bxf6 Bxf6 20. b3 Nc8 21. Nc4
Na7 22. Nxa5 Qd7 23. Nxa7 Qxa7 24. Nc6 Qb7 25. Qc4 e6 26. Rae2 Ra6 27. f5 Bg7
28. f6 Bf8 29. Rb2 Bh6 30. Kf1 Raa8 31. Ne7+ Kh8 32. dxe6 fxe6 33. Qxe6 Be3 34.
Rf3 Bd4 35. Nxg6+ hxg6 36. Rh3+ Qh7 37. Qf7 1-0

[Event "34. Copenhagen Open (Politiken Cup)"]
[Site "Elsinore"]
[Date "2012.08.01"]
[Round "6"]
[White "Haugsdal, Arn Tore"]
[Black "Carlstedt, Jonathan"]
[Result "0-1"]
[WhiteElo "2068"]
[BlackElo "2352"]
[PlyCount "72"]
[EventDate "2012.07.28"]
[EventType "swiss"]
[EventRounds "10"]
[EventCountry "DEN"]
[Source "ChessBase"]
[SourceDate "2012.08.24"]

1. e4 e6 2. d4 d5 3. e5 c5 4. c3 Nc6 5. Nf3 Bd7 6. a3 c4 7. g4 Nge7 8. h4 Na5
9. Bg5 Qb6 10. Ra2 h6 11. Bf4 Nb3 12. Nbd2 Ng6 13. Bg3 h5 14. gxh5 Rxh5 15.
Nxb3 Qxb3 16. Qxb3 cxb3 17. Ra1 a5 18. Be2 a4 19. Ng5 Rh6 20. Kd2 Be7 21. f4 f6
22. Nf3 O-O-O 23. h5 Rdh8 24. Nh2 Nf8 25. Ng4 Rxh5 26. Rxh5 Rxh5 27. Nxf6 Rh3
28. Nxd7 Rxg3 29. Nb6+ Kc7 30. Nxa4 Ng6 31. Rf1 Nxf4 32. Bd1 Rg2+ 33. Kc1 Nd3+
34. Kb1 b5 35. Rf3 bxa4 36. Rxd3 Rg1 0-1

[Event "34. Copenhagen Open (Politiken Cup)"]
[Site "Elsinore"]
[Date "2012.08.01"]
[Round "6"]
[White "Henrichsen, Jens"]
[Black "Hansen, Anders1"]
[Result "1-0"]
[WhiteElo "1887"]
[BlackElo "1711"]
[PlyCount "77"]
[EventDate "2012.07.28"]
[EventType "swiss"]
[EventRounds "10"]
[EventCountry "DEN"]
[Source "ChessBase"]
[SourceDate "2012.08.24"]

1. d4 Nf6 2. Nf3 c5 3. d5 e6 4. c4 exd5 5. cxd5 g6 6. Nc3 Bg7 7. e4 O-O 8. Bd3
d6 9. h3 a6 10. a4 Nbd7 11. O-O h6 12. Bf4 c4 13. Bxc4 Nc5 14. Re1 Re8 15. Bd3
b6 16. Bc2 Bb7 17. Qd2 Rc8 18. Bxh6 Nh5 19. Bxg7 Kxg7 20. Qd4+ Qf6 21. Qxf6+
Nxf6 22. Nd2 Ncd7 23. Bd3 Rc5 24. Nc4 Ne5 25. Nxe5 Rxe5 26. g3 Rc7 27. f3 Rh5
28. Kg2 Rc5 29. Ne2 Nd7 30. Nf4 Rh8 31. Rac1 Bc8 32. g4 Ne5 33. b4 Rxc1 34.
Rxc1 f5 35. Rc7+ Kh6 36. Be2 fxg4 37. hxg4 Rf8 38. Ne6 b5 39. Nxf8 1-0

[Event "34. Copenhagen Open (Politiken Cup)"]
[Site "Elsinore"]
[Date "2012.08.01"]
[Round "6"]
[White "Hillarp Persson, Tiger"]
[Black "Hedman, Erik"]
[Result "1-0"]
[WhiteElo "2575"]
[BlackElo "2381"]
[PlyCount "81"]
[EventDate "2012.07.28"]
[EventType "swiss"]
[EventRounds "10"]
[EventCountry "DEN"]
[Source "ChessBase"]
[SourceDate "2012.08.24"]

1. c4 c5 2. g3 Nc6 3. Bg2 g6 4. Nc3 Bg7 5. Nf3 e5 6. O-O d6 7. a3 Nge7 8. b4
O-O 9. Rb1 Rb8 10. d3 b6 11. e3 Kh8 12. Nd2 Be6 13. b5 Na5 14. Bb2 Qd7 15. Qc2
Bh3 16. Nd5 Bxg2 17. Kxg2 Nb7 18. f4 f5 19. a4 Nd8 20. Rbe1 Ne6 21. Nxe7 Qxe7
22. Nf3 Qc7 23. e4 Nd4 24. Bxd4 cxd4 25. exf5 exf4 26. fxg6 fxg3 27. hxg3 d5
28. Qe2 dxc4 29. dxc4 Qb7 30. Qe4 Qxe4 31. Rxe4 Rbe8 32. Rxe8 Rxe8 33. gxh7
Kxh7 34. Rd1 Re2+ 35. Kh3 Rc2 36. Nxd4 Rxc4 37. Nf5 Be5 38. Rd5 Bc7 39. Rd7+
Kg6 40. Ne7+ Kg5 41. Nc6 1-0

[Event "34. Copenhagen Open (Politiken Cup)"]
[Site "Elsinore"]
[Date "2012.08.01"]
[Round "6"]
[White "Hinrichs, Lars"]
[Black "Andersen, Rune Egede"]
[Result "0-1"]
[WhiteElo "1877"]
[BlackElo "2076"]
[PlyCount "98"]
[EventDate "2012.07.28"]
[EventType "swiss"]
[EventRounds "10"]
[EventCountry "DEN"]
[Source "ChessBase"]
[SourceDate "2012.08.24"]

1. e4 e6 2. b3 d5 3. Bb2 dxe4 4. Nc3 Nf6 5. Qe2 Be7 6. O-O-O b6 7. Nxe4 Bb7 8.
d3 a5 9. g4 a4 10. Bg2 axb3 11. Nxf6+ Bxf6 12. Bxb7 Rxa2 13. d4 c6 14. Qc4 Qc7
15. Qxb3 Ra5 16. d5 Bxb2+ 17. Qxb2 exd5 18. Qxg7 Qf4+ 19. Rd2 Rf8 20. Nh3 Qd6
21. Qb2 Kd7 22. Re1 Kc7 23. Qe5 Rd8 24. Qe7+ Qd7 25. Ng5 Ra1+ 26. Kb2 Rxe1 27.
Qxe1 Kxb7 28. Re2 Qxg4 29. Nxf7 Rd7 30. Ne5 Qg7 31. c3 Re7 32. f4 Nd7 33. Nxd7
Rxd7 34. Re8 d4 35. Qe5 dxc3+ 36. Kxc3 Qxe5+ 37. Rxe5 Kc7 38. Re6 Rd6 39. Re7+
Rd7 40. Re6 Rf7 41. Rh6 b5 42. f5 Rxf5 43. Rxh7+ Kb6 44. Rh6 Rf3+ 45. Kb4 Rf4+
46. Kb3 Re4 47. h4 Re3+ 48. Kb4 Rf3 49. h5 Rh3 0-1

[Event "34. Copenhagen Open (Politiken Cup)"]
[Site "Elsinore"]
[Date "2012.08.01"]
[Round "6"]
[White "Hobber, Anders"]
[Black "Bekker Jensen, Simon"]
[Result "0-1"]
[WhiteElo "2244"]
[BlackElo "2394"]
[PlyCount "124"]
[EventDate "2012.07.28"]
[EventType "swiss"]
[EventRounds "10"]
[EventCountry "DEN"]
[Source "ChessBase"]
[SourceDate "2012.08.24"]

1. d4 Nf6 2. Nf3 g6 3. Bg5 Bg7 4. Nbd2 O-O 5. c3 d6 6. e4 h6 7. Bxf6 Bxf6 8.
Bc4 c5 9. dxc5 dxc5 10. e5 Bg7 11. e6 f5 12. Nb3 Qb6 13. Qd5 Na6 14. Bxa6 Rd8
15. Qxc5 bxa6 16. Qxb6 axb6 17. Nbd4 Rd6 18. O-O Bxe6 19. Rfe1 Kf7 20. Ne5+
Bxe5 21. Rxe5 Bd5 22. a3 Kf6 23. Ree1 e5 24. Ne2 g5 25. Nc1 Be6 26. f3 Rad8 27.
b3 Rd2 28. c4 h5 29. h3 g4 30. hxg4 hxg4 31. fxg4 f4 32. g5+ Kf5 33. Ra2 e4 34.
Rxd2 Rxd2 35. Ne2 e3 36. g6 b5 37. g7 bxc4 38. bxc4 Bxc4 39. Rc1 Ba2 40. Rc2
Rxc2 41. Nd4+ Ke4 42. Nxc2 a5 43. Ne1 Bd5 44. Kf1 Bc4+ 45. Kg1 Kf5 46. Nf3 Bd5
47. Nd4+ Ke4 48. Nf3 Bc4 49. Ne1 Kf5 50. Nf3 a4 51. Ne1 Ke4 52. Nf3 Bg8 53. Kf1
Kd3 54. Ke1 Kc3 55. Ne5 Kb3 56. Nd3 Kxa3 57. Nc5 Kb4 58. Nxa4 Kxa4 59. Ke2 Kb3
60. g3 Bc4+ 61. Kf3 Kc3 62. gxf4 Kd2 0-1

[Event "34. Copenhagen Open (Politiken Cup)"]
[Site "Elsinore"]
[Date "2012.08.01"]
[Round "6"]
[White "Hoel, Jorgen"]
[Black "Dyrhaug, Sverre S"]
[Result "1-0"]
[WhiteElo "1848"]
[BlackElo "1551"]
[PlyCount "57"]
[EventDate "2012.07.28"]
[EventType "swiss"]
[EventRounds "10"]
[EventCountry "DEN"]
[Source "ChessBase"]
[SourceDate "2012.08.24"]

1. c4 Nf6 2. g3 e6 3. Bg2 c6 4. Nf3 d5 5. b3 Bd6 6. Bb2 Nbd7 7. d4 b6 8. O-O
O-O 9. Nbd2 Ba6 10. Re1 dxc4 11. bxc4 Re8 12. Nh4 Bb7 13. e4 e5 14. f4 exf4 15.
e5 fxg3 16. hxg3 Bc7 17. exf6 Bxg3 18. Qg4 Nxf6 19. Qxg3 Nh5 20. Rxe8+ Qxe8 21.
Qf2 Qd7 22. Ne4 Qg4 23. Rf1 f6 24. Nf5 c5 25. d5 Re8 26. Nh6+ gxh6 27. Nxf6+
Nxf6 28. Qxf6 Qg6 29. Qh8# 1-0

[Event "34. Copenhagen Open (Politiken Cup)"]
[Site "Elsinore"]
[Date "2012.08.01"]
[Round "6"]
[White "Hojgaard, Brandur"]
[Black "Schmied, Andreas"]
[Result "1/2-1/2"]
[WhiteElo "1686"]
[BlackElo "2067"]
[PlyCount "58"]
[EventDate "2012.07.28"]
[EventType "swiss"]
[EventRounds "10"]
[EventCountry "DEN"]
[Source "ChessBase"]
[SourceDate "2012.08.24"]

1. d4 Nf6 2. c4 g6 3. Nc3 d5 4. Bg5 Ne4 5. Nxe4 dxe4 6. Bc1 Bg7 7. e3 c5 8. d5
e6 9. Ne2 exd5 10. cxd5 O-O 11. Nc3 f5 12. Be2 a6 13. a4 b6 14. Qb3 Qd6 15. O-O
Nd7 16. f4 Nf6 17. Bc4 Kh8 18. Bd2 Bb7 19. Rad1 Rad8 20. Be1 Rd7 21. h3 Ne8 22.
Bh4 Bf6 23. Bxf6+ Nxf6 24. Rd2 Rfd8 25. Rfd1 Kg7 26. Kh1 h6 27. Ne2 Ne8 28. Nc3
Nf6 29. Ne2 Ne8 1/2-1/2

[Event "34. Copenhagen Open (Politiken Cup)"]
[Site "Elsinore"]
[Date "2012.08.01"]
[Round "6"]
[White "Hoyer, Jacob K"]
[Black "Carstensen, Jacob"]
[Result "0-1"]
[WhiteElo "2141"]
[BlackElo "2352"]
[PlyCount "70"]
[EventDate "2012.07.28"]
[EventType "swiss"]
[EventRounds "10"]
[EventCountry "DEN"]
[Source "ChessBase"]
[SourceDate "2012.08.24"]

1. d4 Nf6 2. c4 e6 3. Nf3 c5 4. d5 b5 5. Nc3 b4 6. Na4 exd5 7. cxd5 d6 8. e3 g6
9. Bc4 Bg7 10. O-O O-O 11. a3 a5 12. b3 Ne4 13. Bb2 Bxb2 14. Nxb2 Bg4 15. Be2
Nc3 16. Qd2 Nd7 17. h3 Bxf3 18. Bxf3 Qf6 19. Nc4 Rfb8 20. axb4 axb4 21. Kh1
Rxa1 22. Rxa1 Ne4 23. Qb2 Nxf2+ 24. Kh2 Qxb2 25. Nxb2 Ne5 26. Ra6 Rd8 27. Be2
Ne4 28. Nd3 Nc3 29. Nxe5 dxe5 30. Bc4 Nxd5 31. Ra7 Nxe3 32. Bxf7+ Kg7 33. g4
Kf6 34. Kg3 Rf8 35. g5+ Kxg5 0-1

[Event "34. Copenhagen Open (Politiken Cup)"]
[Site "Elsinore"]
[Date "2012.08.01"]
[Round "6"]
[White "Hyldkrog, Lars"]
[Black "Schmidt, Horst Hubert"]
[Result "0-1"]
[WhiteElo "2041"]
[BlackElo "1854"]
[PlyCount "106"]
[EventDate "2012.07.28"]
[EventType "swiss"]
[EventRounds "10"]
[EventCountry "DEN"]
[Source "ChessBase"]
[SourceDate "2012.08.24"]

1. e4 e6 2. d4 d5 3. e5 c5 4. c3 Qb6 5. Nf3 Nc6 6. Bd3 Bd7 7. O-O cxd4 8. cxd4
Nxd4 9. Nxd4 Qxd4 10. Nc3 a6 11. Qe2 Ne7 12. Kh1 Ng6 13. f4 Bc5 14. a3 O-O 15.
Bd2 f6 16. Rf3 Nxe5 17. fxe5 Qxe5 18. Qd1 f5 19. Rh3 Qf6 20. Qh5 Qg6 21. Qf3
Qf7 22. Bf4 Bc6 23. Qg3 Qg6 24. Qxg6 hxg6 25. Rg3 Kf7 26. Be5 Rh8 27. Rf1 Rh7
28. Ne2 Rah8 29. h3 Be7 30. Nd4 Bd7 31. Re3 Bf6 32. Rfe1 Bg5 33. Rf3 Rh4 34.
Nb3 Rc8 35. Bg3 Rhh8 36. Be5 Bf6 37. Rfe3 Bh4 38. R1e2 Bg5 39. Rf3 Ba4 40. Bc2
Bf6 41. Rfe3 Bb5 42. Rf2 Rh4 43. Bxf6 gxf6 44. Kh2 d4 45. Ref3 e5 46. Na5 e4
47. Rf4 Rxf4 48. Rxf4 Rxc2 49. Nxb7 Ke7 50. b4 d3 51. Rf1 e3 52. Nc5 d2 53. Rf3
Rc3 0-1

[Event "34. Copenhagen Open (Politiken Cup)"]
[Site "Elsinore"]
[Date "2012.08.01"]
[Round "6"]
[White "Johansen, Kai Roger"]
[Black "Jensen, Tobias Ilsoe"]
[Result "1-0"]
[WhiteElo "2016"]
[BlackElo "1812"]
[PlyCount "83"]
[EventDate "2012.07.28"]
[EventType "swiss"]
[EventRounds "10"]
[EventCountry "DEN"]
[Source "ChessBase"]
[SourceDate "2012.08.24"]

1. c4 Nf6 2. Nc3 g6 3. d4 Bg7 4. Nf3 O-O 5. g3 d6 6. Bg2 Nbd7 7. O-O e5 8. b3
c6 9. Ba3 c5 10. dxe5 dxe5 11. Qc2 Qa5 12. Bb2 Re8 13. e3 Nb8 14. Ng5 h6 15.
Nge4 Bf5 16. Nxf6+ Bxf6 17. Qe2 Nc6 18. Nd5 Bg7 19. Bc3 Qd8 20. Rad1 Qc8 21.
Rd2 e4 22. Nf6+ Bxf6 23. Bxf6 Qe6 24. Ba1 Kh7 25. Rd5 b6 26. Qb2 f6 27. Qxf6
Qxf6 28. Bxf6 Nb4 29. Rd2 Rf8 30. Bc3 Nd3 31. g4 Bxg4 32. Bxe4 Nb4 33. Bxa8
Rxa8 34. f3 Bh3 35. Rfd1 g5 36. Bxb4 cxb4 37. Rd8 Rxd8 38. Rxd8 Bf5 39. e4 Bg6
40. Rd7+ Kg8 41. Rxa7 g4 42. Kf2 1-0

[Event "34. Copenhagen Open (Politiken Cup)"]
[Site "Elsinore"]
[Date "2012.08.01"]
[Round "6"]
[White "Johansson, Anders"]
[Black "Petersen, Peter Birk"]
[Result "0-1"]
[WhiteElo "2029"]
[BlackElo "2155"]
[PlyCount "82"]
[EventDate "2012.07.28"]
[EventType "swiss"]
[EventRounds "10"]
[EventCountry "DEN"]
[Source "ChessBase"]
[SourceDate "2012.08.24"]

1. Nf3 c5 2. c4 Nc6 3. d4 cxd4 4. Nxd4 g6 5. e4 Bg7 6. Be3 Nf6 7. Nc3 d6 8. Be2
O-O 9. O-O Nxd4 10. Bxd4 Nd7 11. Be3 Nc5 12. Qd2 Bxc3 13. Qxc3 Nxe4 14. Qd4 Nc5
15. b4 Ne6 16. Qh4 Bd7 17. f4 f5 18. Qf2 a6 19. Bf3 Bc6 20. Bb6 Qd7 21. Bd5
Bxd5 22. cxd5 Ng7 23. Rae1 Nh5 24. Qe2 Kf7 25. Bd4 Rac8 26. Rf3 Rfe8 27. Rh3
Nxf4 28. Rxh7+ Kg8 29. Rg7+ Kf8 30. Qe3 g5 31. Rxg5 e5 32. dxe6 Rxe6 33. Rxf5+
Ke8 34. Qxf4 Rxe1+ 35. Kf2 Qe7 36. Rg5 Qe2+ 37. Kg3 Rc3+ 38. Kh4 Qe4 39. Rg4
Qxf4 40. Rxf4 Rc4 41. Be3 d5 0-1

[Event "34. Copenhagen Open (Politiken Cup)"]
[Site "Elsinore"]
[Date "2012.08.01"]
[Round "6"]
[White "Karlsson, Ulf"]
[Black "Degerfeldt, Sven"]
[Result "1-0"]
[WhiteElo "2012"]
[BlackElo "1848"]
[PlyCount "73"]
[EventDate "2012.07.28"]
[EventType "swiss"]
[EventRounds "10"]
[EventCountry "DEN"]
[Source "ChessBase"]
[SourceDate "2012.08.24"]

1. e4 c5 2. Nc3 a6 3. g3 d6 4. Bg2 Nc6 5. d3 g6 6. f4 Bg7 7. a4 Bd7 8. Nge2 Rb8
9. O-O b5 10. axb5 axb5 11. Nd5 e6 12. Ne3 Nge7 13. c3 Qb6 14. f5 exf5 15. exf5
Bxf5 16. Nxf5 Nxf5 17. Nf4 Nfe7 18. Nd5 Nxd5 19. Bxd5 O-O 20. Bg5 Rbe8 21. Qd2
Re5 22. Ba2 Ree8 23. Bd5 Re5 24. Bf3 Ree8 25. Bf4 Ne5 26. Bd5 c4+ 27. Be3 Qd8
28. d4 Nd3 29. Ra7 Kh8 30. Rfxf7 Rxf7 31. Rxf7 Qa5 32. Bh6 Qa1+ 33. Kg2 Bxh6
34. Qxh6 Re2+ 35. Kh3 Rxh2+ 36. Kxh2 Qxb2+ 37. Bg2 1-0

[Event "34. Copenhagen Open (Politiken Cup)"]
[Site "Elsinore"]
[Date "2012.08.01"]
[Round "6"]
[White "Klings, Peter"]
[Black "Kyrkjebo, Erlend"]
[Result "1/2-1/2"]
[WhiteElo "2178"]
[BlackElo "2035"]
[PlyCount "82"]
[EventDate "2012.07.28"]
[EventType "swiss"]
[EventRounds "10"]
[EventCountry "DEN"]
[Source "ChessBase"]
[SourceDate "2012.08.24"]

1. g3 c5 2. Bg2 Nc6 3. d3 g6 4. Nf3 Bg7 5. O-O e6 6. c4 Nge7 7. Nc3 d6 8. Bd2
O-O 9. Qc1 Re8 10. a3 Rb8 11. b4 b6 12. Rb1 Bb7 13. bxc5 dxc5 14. Nb5 Nf5 15.
Re1 e5 16. Nc3 Ncd4 17. Nxd4 exd4 18. Nd5 Qd6 19. Bf4 Be5 20. Bxe5 Rxe5 21. Qf4
Rbe8 22. Rb2 Ba8 23. Be4 Bxd5 24. Bxd5 Qe7 25. Qf3 Qg5 26. Qf4 Qd8 27. Bf3 Qd7
28. Ra1 Qa4 29. Kf1 h5 30. Bd5 R8e7 31. Bf3 Kg7 32. h3 Ne3+ 33. fxe3 g5 34.
Qxe5+ Rxe5 35. exd4 cxd4 36. Bxh5 Qd7 37. Kg2 Qd6 38. Bf3 f5 39. g4 f4 40. a4
Ra5 41. Rb5 Rxb5 1/2-1/2

[Event "34. Copenhagen Open (Politiken Cup)"]
[Site "Elsinore"]
[Date "2012.08.01"]
[Round "6"]
[White "Kopperberg, Steen"]
[Black "Rasmussen, Lars"]
[Result "0-1"]
[WhiteElo "1795"]
[BlackElo "1957"]
[PlyCount "106"]
[EventDate "2012.07.28"]
[EventType "swiss"]
[EventRounds "10"]
[EventCountry "DEN"]
[Source "ChessBase"]
[SourceDate "2012.08.24"]

1. d4 Nf6 2. Nf3 e6 3. Bg5 c5 4. c3 h6 5. Bxf6 Qxf6 6. Nbd2 d5 7. e3 Nc6 8. Bb5
Bd7 9. Qa4 Qd8 10. dxc5 Bxc5 11. Nb3 Bd6 12. Nbd4 Qc7 13. Qc2 O-O 14. Rc1 a6
15. Nxc6 bxc6 16. Ba4 e5 17. h3 Rab8 18. b4 Qc8 19. a3 Bf5 20. Qd1 Rd8 21. Bc2
a5 22. Bxf5 Qxf5 23. Qc2 Qf6 24. Rd1 Ra8 25. O-O Qe7 26. Rfe1 Ra7 27. e4 axb4
28. axb4 d4 29. cxd4 Bxb4 30. Re2 exd4 31. Qxc6 Bc3 32. Rd3 Ra1+ 33. Kh2 Rb8
34. Qc4 Rb4 35. Qc8+ Kh7 36. Qf5+ g6 37. Qd5 Rbb1 38. Ne5 Rh1+ 39. Kg3 Kg7 40.
Nc6 Qf6 41. Qe5 Qxe5+ 42. Nxe5 h5 43. Nc6 Ra4 44. f4 Be1+ 45. Rxe1 Rxe1 46.
Nxd4 Rxe4 47. Nf3 Rxf4 48. Rd7 h4+ 49. Kh2 Ra2 50. Kg1 Rb4 51. Ne5 Rb1+ 52. Kh2
Raa1 53. g4 Ra2+ 0-1

[Event "34. Copenhagen Open (Politiken Cup)"]
[Site "Elsinore"]
[Date "2012.08.01"]
[Round "6"]
[White "Kristensen, Lars Ostergaard"]
[Black "Randlov, Carsten"]
[Result "0-1"]
[WhiteElo "1695"]
[BlackElo "1860"]
[PlyCount "36"]
[EventDate "2012.07.28"]
[EventType "swiss"]
[EventRounds "10"]
[EventCountry "DEN"]
[Source "ChessBase"]
[SourceDate "2012.08.24"]

1. e4 c5 2. Nc3 Nc6 3. g3 d6 4. Bg2 e5 5. d3 Nf6 6. Bg5 Be7 7. Nge2 Nd4 8. O-O
Bg4 9. f4 Qd7 10. f5 Nxe4 11. Bxe4 Bxg5 12. Bd5 h5 13. f6 gxf6 14. Kh1 h4 15.
Qe1 Nxe2 16. Nxe2 Bxe2 17. Qxe2 hxg3 18. Qg4 Qxg4 0-1

[Event "34. Copenhagen Open (Politiken Cup)"]
[Site "Elsinore"]
[Date "2012.08.01"]
[Round "6"]
[White "Kyrkjebo, Marte Bakken"]
[Black "Pedersen, Carl Aage"]
[Result "1/2-1/2"]
[WhiteElo "1632"]
[BlackElo "1739"]
[PlyCount "80"]
[EventDate "2012.07.28"]
[EventType "swiss"]
[EventRounds "10"]
[EventCountry "DEN"]
[Source "ChessBase"]
[SourceDate "2012.08.24"]

1. e4 c5 2. Nc3 d6 3. g3 g6 4. Bg2 Bg7 5. d3 e6 6. f4 Ne7 7. Nf3 Nbc6 8. Be3
Bd7 9. O-O a6 10. d4 cxd4 11. Nxd4 O-O 12. Qd2 Qc7 13. Rad1 Rad8 14. Qf2 Nxd4
15. Bxd4 Bxd4 16. Qxd4 Bc6 17. Rd2 Rd7 18. Kh1 d5 19. exd5 Nxd5 20. Nxd5 Bxd5
21. Bxd5 Rxd5 22. Qe3 Qc6 23. Rxd5 Qxd5+ 24. Qf3 Qb5 25. b3 Rd8 26. Rf2 Qd7 27.
c4 Qd4 28. Kg2 Rd7 29. Re2 h5 30. Rf2 Qa1 31. Qe2 Rd1 32. Qb2 Rg1+ 33. Kf3 Qd1+
34. Qe2 Qd7 35. Qe4 f5 36. Qe3 Qc6+ 37. Ke2 Ra1 38. Kd3 Qd6+ 39. Kc3 Rd1 40.
Rd2 Rxd2 1/2-1/2

[Event "34. Copenhagen Open (Politiken Cup)"]
[Site "Elsinore"]
[Date "2012.08.01"]
[Round "6"]
[White "Larsen, Karsten"]
[Black "Nilsson, Patrik1"]
[Result "1-0"]
[WhiteElo "2331"]
[BlackElo "2078"]
[PlyCount "95"]
[EventDate "2012.07.28"]
[EventType "swiss"]
[EventRounds "10"]
[EventCountry "DEN"]
[Source "ChessBase"]
[SourceDate "2012.08.24"]

1. e4 e6 2. d3 d5 3. Nd2 Nf6 4. Ngf3 Nc6 5. Be2 e5 6. O-O Bg4 7. c3 Be7 8. Re1
Qd7 9. Qc2 O-O 10. Nf1 d4 11. h3 Bxf3 12. Bxf3 Bc5 13. Bg5 Ne8 14. Bg4 Qd6 15.
Rad1 b5 16. c4 b4 17. g3 Nd8 18. f4 Ne6 19. Bxe6 Qxe6 20. f5 Qd7 21. Re2 Be7
22. Bc1 g5 23. Rf2 c5 24. Nh2 f6 25. h4 h6 26. hxg5 hxg5 27. Ng4 Kg7 28. Rh2
Nd6 29. Rh6 Rh8 30. Rg6+ Kf7 31. Bxg5 Nxf5 32. exf5 Qxf5 33. Nh6+ Rxh6 34. Rxh6
Qxg5 35. Rh7+ Ke6 36. Qg2 Rd8 37. Qc6+ Rd6 38. Qc8+ Rd7 39. Qc6+ Rd6 40. Qf3
Qe3+ 41. Kg2 Qxf3+ 42. Kxf3 Rd8 43. g4 Rg8 44. Rh5 a5 45. Rdh1 Ra8 46. Rh8 Ra7
47. R1h7 a4 48. Rb8 1-0